Change without pain : (Record no. 524)

MARC details
000 -LEADER
fixed length control field 00643nam a2200193 a 4500
001 - CONTROL NUMBER
control field 524
005 - DATE AND TIME OF LATEST TRANSACTION
control field 20221127085948.0
008 - FIXED-LENGTH DATA ELEMENTS--GENERAL INFORMATION
fixed length control field 050920s lxxua | 00100|eng d
020 ## - INTERNATIONAL STANDARD BOOK NUMBER
International Standard Book Number 157851827X(hpb) :
Terms of availability SR108.00
035 ## - SYSTEM CONTROL NUMBER
System control number 537
082 04 - DEWEY DECIMAL CLASSIFICATION NUMBER
Classification number 658.406
Item number Ab82 2004
100 1# - MAIN ENTRY--PERSONAL NAME
Personal name Abrahamson, Eric.
245 10 - TITLE STATEMENT
Title Change without pain :
Remainder of title how manager can overcome initiative overload initiative ... /
Statement of responsibility, etc. Eric Abrahamson.
260 ## - PUBLICATION, DISTRIBUTION, ETC.
Place of publication, distribution, etc. Boston, Mass. :
Name of publisher, distributor, etc. Harvard Business School P.,
Date of publication, distribution, etc. 2004.
300 ## - PHYSICAL DESCRIPTION
Extent xvi, 218 p. :
Other physical details ill. ;
Dimensions 24 cm.
504 ## - BIBLIOGRAPHY, ETC. NOTE
Bibliography, etc. note Includes bibl. references and index.
650 #4 - SUBJECT ADDED ENTRY--TOPICAL TERM
Topical term or geographic name entry element Organizational change.
650 #4 - SUBJECT ADDED ENTRY--TOPICAL TERM
Topical term or geographic name entry element Strategic planning.
Holdings
Withdrawn status Lost status Source of classification or shelving scheme Damaged status Not for loan Home library Current library Date acquired Total Checkouts Full call number Barcode Date last seen Copy number Price effective from Koha item type
              11/27/2022   658.406 Ab82 2004 1000000009849 11/27/2022 C4 11/27/2022 Book
          CENTRAL CENTRAL 11/27/2022   658.406 Ab82 2004 1000000001541 11/27/2022 C1 11/27/2022 Book
          CENTRAL CENTRAL 11/27/2022   658.406 Ab82 2004 1000000003577 11/27/2022 C3 11/27/2022 Book
          KHOBAR KHOBAR 11/27/2022   658.406 Ab82 2004 1000000001542 11/27/2022 C2 11/27/2022 Book